[Event "Russian Championship B17 1st league 2016"]
[Site "Loo"]
[Date "2016.04.22"]
[Round "3.18"]
[White "Kravchenko, Daniil"]
[Black "Shcherbashin, Victor"]
[Result "0-1"]
[WhiteElo "1876"]
[BlackElo "2057"]
[PlyCount "102"]
[EventDate "2016.04.20"]

1. d4 Nf6 2. c4 g6 3. Nc3 Bg7 4. e4 d6 5. Be2 O-O 6. Be3 e5 7. d5 a5 8. Nf3 Na6
9. a3 Bd7 10. Nd2 Ne8 11. g4 Bf6 12. h3 Ng7 13. Nf3 h5 14. g5 Be7 15. h4 c6 16.
Rc1 c5 17. Nb5 Nc7 18. a4 Kh7 19. Rg1 Nxb5 20. cxb5 Rh8 21. Kd2 Rc8 22. b3 Ne8
23. Rc3 Nc7 24. Kc1 Qe8 25. Kb2 Nxb5 26. axb5 Bxb5 27. Qf1 Bd7 28. Qa1 Ra8 29.
Qa2 a4 30. Ra1 b5 31. Bd1 a3+ 32. Kc1 Bd8 33. Rc2 Bc7 34. Bd2 Ba5 35. Rb1 Bxd2+
36. Nxd2 b4 37. Nc4 Qe7 38. f3 Bb5 39. Rg2 Bxc4 40. bxc4 f6 41. Qd2 Rhf8 42.
Ra1 fxg5 43. Rxg5 Rf4 44. Qf2 Qf6 45. Qg3 b3 46. Kb1 b2 47. Ra2 Kh6 48. Be2
Rxh4 49. Qxh4 Qxg5 50. Qxg5+ Kxg5 51. Kc2 Kf4 0-1

[Event "Russian Championship B17 1st league 2016"]
[Site "Loo"]
[Date "2016.04.22"]
[Round "3.19"]
[White "Polozhentsev, Maksim"]
[Black "Petrenko, Kirill"]
[Result "0-1"]
[WhiteElo "1829"]
[BlackElo "2050"]
[PlyCount "154"]
[EventDate "2016.04.20"]

1. d4 Nf6 2. c4 e6 3. Nc3 Bb4 4. e3 O-O 5. Nge2 d5 6. a3 Bd6 7. Ng3 c6 8. c5
Bc7 9. f4 b6 10. b4 a5 11. Bd2 Ba6 12. Bxa6 Rxa6 13. O-O Nbd7 14. Nh1 Qa8 15.
Nf2 Rb8 16. Nd3 axb4 17. axb4 bxc5 18. bxc5 Ba5 19. Nf2 Rb2 20. e4 Bxc3 21.
Rxa6 Qxa6 22. Bxc3 Re2 23. e5 Ne4 24. Nxe4 dxe4 25. Re1 Rxe1+ 26. Bxe1 Qa2 27.
Bf2 f5 28. g4 Qd5 29. gxf5 exf5 30. Qh5 g6 31. Qg5 Kf7 32. Qd8 Qe6 33. Bh4 Nf8
34. Bg5 Qd7 35. Qf6+ Kg8 36. Bh6 Ne6 37. Kg2 Qf7 38. Qh4 Qd7 39. Qf6 e3 40. Kg3
e2 41. Kf2 Qxd4+ 42. Kxe2 Qc4+ 43. Ke1 Qc3+ 44. Kd1 Qd3+ 45. Kc1 Qc3+ 46. Kb1
Qd3+ 47. Ka1 Qd4+ 48. Kb1 Qb4+ 49. Ka1 Qe1+ 50. Ka2 Qf2+ 51. Ka1 Qe1+ 52. Ka2
Qd2+ 53. Kb1 Qb4+ 54. Ka1 Qa3+ 55. Kb1 Qd3+ 56. Ka1 Qd7 57. Kb1 Qf7 58. Qh4
Qb7+ 59. Kc1 Qf7 60. Kb2 Qb7+ 61. Kc1 Qa7 62. Qf6 Qxc5+ 63. Kb1 Qb4+ 64. Ka1
Qa3+ 65. Kb1 Qd3+ 66. Kb2 Qd7 67. Kc3 c5 68. Kb2 Qf7 69. Qh4 Qb7+ 70. Kc1 c4
71. Qf2 c3 72. Qe2 Qh1+ 73. Qd1 Qxd1+ 74. Kxd1 Nd4 75. Bg5 Kf7 76. Bh4 Ke6 77.
Bf2 c2+ 0-1

[Event "Russian Championship B17 1st league 2016"]
[Site "Loo"]
[Date "2016.04.22"]
[Round "3.20"]
[White "Zhuravlev, Stepan"]
[Black "Efimenko, Aleksandr"]
[Result "0-1"]
[WhiteElo "2046"]
[BlackElo "1819"]
[PlyCount "142"]
[EventDate "2016.04.20"]

1. d4 d5 2. c4 c6 3. Nc3 e6 4. e3 Bd6 5. Bd3 f5 6. Nge2 Nf6 7. f3 O-O 8. Qc2
dxc4 9. Bxc4 b5 10. Bb3 Kh8 11. O-O Qe7 12. e4 e5 13. Be3 a6 14. a3 Nh5 15. d5
f4 16. Bf2 c5 17. Rfd1 Qg5 18. Kf1 Rf6 19. Qd2 Rg6 20. g3 Nf6 21. Ng1 Qh5 22.
Be1 c4 23. Bc2 Bc5 24. Bf2 Bd6 25. Be1 Ra7 26. Qg2 Rf7 27. Bf2 Qg5 28. Nh3 Bxh3
29. Qxh3 fxg3 30. hxg3 Nh5 31. Ke2 Nxg3+ 32. Bxg3 Qxg3 33. Qxg3 Rxg3 34. Rf1
Bc5 35. Rae1 Nd7 36. Nd1 Nf6 37. Ne3 Bxe3 38. Kxe3 Ng4+ 39. Ke2 Rg2+ 40. Kd1
Nh2 41. Rg1 Rxg1 42. Rxg1 Nxf3 43. Rf1 g5 44. Kc1 Kg7 45. a4 Kg6 46. axb5 axb5
47. Bd1 g4 48. d6 Kf6 49. Bxf3 gxf3 50. Rxf3+ Ke6 51. Rh3 Kxd6 52. Rh5 Rf4 53.
Rxh7 Rxe4 54. Kd2 Kc5 55. Rc7+ Kb4 56. Rb7 Rd4+ 57. Kc2 Rf4 58. Rb8 Rf2+ 59.
Kc1 e4 60. Re8 Kb3 61. Re5 Rc2+ 62. Kd1 b4 63. Rxe4 Rxb2 64. Kc1 c3 65. Re3 Rh2
66. Re1 Ka2 67. Re7 Kb3 68. Re1 Ra2 69. Kb1 c2+ 70. Kc1 Ra1+ 71. Kd2 Rxe1 0-1

[Event "Russian Championship B17 1st league 2016"]
[Site "Loo"]
[Date "2016.04.22"]
[Round "3.21"]
[White "Zabolotnov, Evgeny"]
[Black "Tchentsov, Daniil"]
[Result "1/2-1/2"]
[WhiteElo "2010"]
[BlackElo "1802"]
[PlyCount "114"]
[EventDate "2016.04.20"]

1. d4 Nf6 2. c4 g6 3. Nc3 d5 4. Bf4 Bg7 5. e3 c5 6. dxc5 Qa5 7. Rc1 dxc4 8.
Bxc4 O-O 9. Nf3 Rd8 10. Qb3 e6 11. O-O Na6 12. Qb5 Qxb5 13. Bxb5 Nd5 14. Rfd1
Bd7 15. Bxd7 Rxd7 16. Nxd5 Rxd5 17. Rxd5 exd5 18. Be5 Bf8 19. Bd4 Rc8 20. a3
Nb8 21. Rc3 a5 22. Ne5 h5 23. h3 a4 24. g3 Nc6 25. Nd7 Nxd4 26. exd4 Bg7 27.
Rd3 Re8 28. Re3 Rd8 29. Ne5 Bh6 30. f4 h4 31. Kg2 Re8 32. Kf3 hxg3 33. Kxg3 g5
34. f5 g4 35. Re1 gxh3 36. Rg1 Be3 37. Rd1 Bxd4 38. Rxd4 Rxe5 39. Rxa4 Re3+ 40.
Kh2 Re2+ 41. Kxh3 Rxb2 42. Rb4 Rc2 43. Rxb7 Rxc5 44. Kg4 Kg7 45. Kg5 d4 46. Rd7
d3 47. Rxd3 f6+ 48. Kf4 Rc4+ 49. Ke3 Kh6 50. Rd4 Rc3+ 51. Rd3 Rc4 52. Kd2 Kg5
53. Rf3 Kg4 54. Rc3 Ra4 55. Kc2 Kxf5 56. Kb3 Ra7 57. a4 Ke4 1/2-1/2

[Event "Russian Championship B17 1st league 2016"]
[Site "Loo"]
[Date "2016.04.22"]
[Round "3.22"]
[White "Shastitko, Danil"]
[Black "Chudiniv, Andrey"]
[Result "1/2-1/2"]
[WhiteElo "1809"]
[BlackElo "1986"]
[PlyCount "139"]
[EventDate "2016.04.20"]

1. e4 d6 2. d4 Nf6 3. Nc3 Nbd7 4. Nf3 e5 5. Bc4 Be7 6. O-O Nb6 7. Bb3 exd4 8.
Nxd4 c5 9. Nf3 c4 10. Ba4+ Nxa4 11. Nxa4 Nxe4 12. Qd5 Nc5 13. Nxc5 dxc5 14.
Qxc4 O-O 15. Bf4 Be6 16. Qb5 Qd5 17. Rfe1 Rad8 18. c4 Qf5 19. Qxb7 Bf6 20. Be5
Bxc4 21. Qxa7 Bd5 22. Bxf6 Bxf3 23. Be5 Qg5 24. Bg3 Bc6 25. f3 Qd5 26. Bf2 c4
27. Re7 Ra8 28. Qe3 h6 29. Re5 Qd7 30. Qc5 Rfb8 31. Qd4 Qxd4 32. Bxd4 Rd8 33.
Bc3 Rd5 34. Rxd5 Bxd5 35. a4 Bc6 36. a5 Bb5 37. Kf2 f6 38. Rd1 Kf7 39. Rd5 Ba6
40. Rd6 Bc8 41. Rc6 Be6 42. a6 Ke7 43. Bd4 Kd7 44. Rb6 Bd5 45. a7 Kc7 46. Rb4
Kd7 47. Ke3 Ke6 48. Kd2 h5 49. Kc3 Kd6 50. Rb8 Ke6 51. Rxa8 Bxa8 52. Kxc4 g5
53. Kc5 f5 54. b4 g4 55. fxg4 fxg4 56. g3 Bf3 57. b5 Ba8 58. Be3 Kd7 59. b6 Bb7
60. Bf4 Ke6 61. Kc4 Kd7 62. Bc7 Ke6 63. Kd4 Ba8 64. Bb8 Bb7 65. Ke3 Kf5 66. Kf2
Ba8 67. Ke2 Bb7 68. Kd3 Ke6 69. Kd4 Ba8 70. Kc5 1/2-1/2

[Event "Russian Championship B17 1st league 2016"]
[Site "Loo"]
[Date "2016.04.22"]
[Round "3.23"]
[White "Kuzmichev, Artem"]
[Black "Tretyakov, Stepan"]
[Result "0-1"]
[WhiteElo "1792"]
[BlackElo "1967"]
[PlyCount "58"]
[EventDate "2016.04.20"]

1. e4 c5 2. Nf3 Nc6 3. d4 cxd4 4. Nxd4 g6 5. f4 Bg7 6. Nf3 d6 7. Nc3 Nf6 8. Bd3
O-O 9. O-O Bg4 10. h3 Bxf3 11. Qxf3 Nd7 12. Be3 Nc5 13. Rad1 Qa5 14. Bd2 Nxd3
15. cxd3 Qb6+ 16. Be3 Qxb2 17. Ne2 Qxa2 18. g4 f5 19. gxf5 gxf5 20. Rf2 Qb3 21.
Nc1 Qf7 22. Rg2 Kh8 23. Kh1 Rg8 24. d4 fxe4 25. Qxe4 Bf6 26. Rxg8+ Rxg8 27. d5
Qh5 28. Qc2 Qxh3+ 29. Qh2 Qf3+ 0-1

[Event "Russian Championship B17 1st league 2016"]
[Site "Loo"]
[Date "2016.04.22"]
[Round "3.24"]
[White "Natarov, Ilya"]
[Black "Karelov, Pavel"]
[Result "0-1"]
[WhiteElo "1767"]
[BlackElo "1961"]
[PlyCount "92"]
[EventDate "2016.04.20"]

1. e4 c5 2. Nf3 Nc6 3. d4 cxd4 4. Nxd4 g6 5. c4 Bg7 6. Nb3 Nf6 7. Nc3 O-O 8.
Be2 d6 9. Be3 Be6 10. f3 Rc8 11. Rc1 Nd7 12. Qd2 Nce5 13. Nd5 Bxd5 14. cxd5 Nb6
15. Rxc8 Qxc8 16. Bxb6 axb6 17. O-O Nc4 18. Qb4 Na5 19. Rc1 Qa8 20. Qxb6 Bxb2
21. Rb1 Nxb3 22. Qxb3 Bd4+ 23. Kh1 b6 24. Rc1 Rc8 25. Rxc8+ Qxc8 26. Qc4 Bc5
27. Qa6 Qf8 28. g3 h5 29. Qb5 Kh7 30. Kg2 Qh8 31. Qd7 Qf6 32. Kh3 Kg7 33. a4
Bg1 34. Qb5 Qd4 35. Bf1 Kh7 36. Qe8 Qf6 37. Bg2 Bd4 38. Qf8 g5 39. Bh1 Bc5 40.
Kg2 g4 41. Kf1 gxf3 42. Ke1 f2+ 43. Kf1 Qa1+ 44. Ke2 f1=Q+ 45. Kd2 Qf2+ 46. Kd3
Qad4# 0-1

[Event "Russian Championship B17 1st league 2016"]
[Site "Loo"]
[Date "2016.04.22"]
[Round "3.25"]
[White "Zakharov, Nikolay A"]
[Black "Slastikhin, Vladislav"]
[Result "1-0"]
[WhiteElo "1942"]
[BlackElo "1658"]
[PlyCount "87"]
[EventDate "2016.04.20"]

1. e4 e5 2. Nf3 Nc6 3. Bb5 a6 4. Ba4 Nf6 5. O-O b5 6. Bb3 Be7 7. Re1 O-O 8. h3
d6 9. c3 Na5 10. Bc2 c5 11. d4 Qc7 12. Nbd2 Nc6 13. Nb3 Bb7 14. Bg5 c4 15. Nbd2
Nd8 16. Nf1 Ne6 17. Bd2 Rfe8 18. Ng3 Bf8 19. d5 Nc5 20. Bg5 Be7 21. Kh2 Bc8 22.
Qe2 h6 23. Bd2 Nh7 24. Rg1 Nf8 25. Raf1 Ng6 26. Nh5 Qd8 27. Be3 Nd7 28. Qd2 Nf6
29. g4 Nh7 30. g5 Nxg5 31. Nxg5 Bxg5 32. Bxg5 hxg5 33. Rxg5 Qd7 34. Rg3 Qe7 35.
Rg5 Qd7 36. Qe3 Qe7 37. Rfg1 Ra7 38. h4 Rb7 39. Qf3 Qf8 40. Qg3 Qe7 41. Bd1 Rf8
42. Nxg7 Kxg7 43. Rxg6+ Kh7 44. Rh6+ 1-0

[Event "Russian Championship B17 1st league 2016"]
[Site "Loo"]
[Date "2016.04.22"]
[Round "3.26"]
[White "Lilov, Aleksandr"]
[Black "Spiridonov, Vladislav"]
[Result "1-0"]
[WhiteElo "1935"]
[BlackElo "1591"]
[PlyCount "79"]
[EventDate "2016.04.20"]

1. e4 c5 2. Nf3 e6 3. d4 cxd4 4. Nxd4 Nc6 5. Nc3 Nf6 6. Qf3 Nxd4 7. Qd3 Nc6 8.
f4 d6 9. Be2 Be7 10. Be3 a6 11. Bf3 Qc7 12. O-O b5 13. g4 Bb7 14. Qd2 Na5 15.
Qg2 Nc4 16. Bc1 Qc5+ 17. Kh1 Ne3 18. Bxe3 Qxe3 19. e5 Nd5 20. Nxd5 exd5 21.
exd6 O-O 22. Rae1 Qxf4 23. Rxe7 Bc6 24. Bxd5 Qxd6 25. Bxc6 Rac8 26. Rexf7 Rxf7
27. Bd5 Rcf8 28. Rxf7 Rxf7 29. Qf3 Qe7 30. Bxf7+ Qxf7 31. Qa8+ Qf8 32. Qxf8+
Kxf8 33. Kg2 g5 34. Kf3 Kf7 35. Ke4 Ke6 36. c3 a5 37. b3 h6 38. h3 Kd6 39. Kf5
a4 40. Kg6 1-0

[Event "Russian Championship B17 1st league 2016"]
[Site "Loo"]
[Date "2016.04.22"]
[Round "3.27"]
[White "Gavrik, Aleksandr"]
[Black "Rozmanov, Aleksandr"]
[Result "0-1"]
[WhiteElo "1736"]
[BlackElo "1927"]
[PlyCount "62"]
[EventDate "2016.04.20"]

1. e4 e5 2. Nf3 Nc6 3. Bc4 Bc5 4. Nc3 Nf6 5. d3 d6 6. Be3 Bb6 7. h3 Be6 8. Bb3
h6 9. Qd2 Qd7 10. O-O g5 11. d4 exd4 12. Nxd4 O-O-O 13. Nxe6 fxe6 14. Bxb6 axb6
15. Qe3 Rdg8 16. Rfd1 h5 17. Ba4 Ne8 18. Nb5 Qe7 19. Nd4 Nxd4 20. Rxd4 h4 21.
Bb3 g4 22. a4 gxh3 23. Qxh3 Rg6 24. a5 bxa5 25. Rxa5 Rhg8 26. Kh1 c6 27. f3 Nc7
28. g4 hxg3 29. Rh5 Qf6 30. Rd3 g2+ 31. Kg1 Rg3 0-1

[Event "Russian Championship B17 1st league 2016"]
[Site "Loo"]
[Date "2016.04.22"]
[Round "3.28"]
[White "Malyshev, Kirill"]
[Black "Anchutin, Nikita"]
[Result "1/2-1/2"]
[WhiteElo "1628"]
[BlackElo "2142"]
[PlyCount "114"]
[EventDate "2016.04.20"]

1. Nf3 Nf6 2. g3 b5 3. Bg2 Bb7 4. O-O e6 5. d4 c5 6. c4 bxc4 7. Qa4 cxd4 8.
Qxc4 Be7 9. Nxd4 Bxg2 10. Kxg2 O-O 11. Nc3 d5 12. Qd3 Qb6 13. Na4 Qb7 14. b3 e5
15. Nf5 d4+ 16. Kg1 Nc6 17. Nxe7+ Qxe7 18. Bg5 h6 19. Bxf6 Qxf6 20. Nc5 Rac8
21. Nd7 Qe7 22. Nxf8 Rxf8 23. Qb5 Qf6 24. Rac1 Ne7 25. Rc7 a6 26. Qb7 Re8 27.
a4 Qe6 28. Rfc1 e4 29. Rd7 d3 30. exd3 e3 31. Re1 e2 32. Rd4 f5 33. Qd7 Nc6 34.
Qxe6+ Rxe6 35. Rc4 a5 36. Kg2 g5 37. Rxe2 Rxe2 38. Rxc6 Rb2 39. Rc3 Kf7 40. Kf3
Ke6 41. Ke3 Kd5 42. h3 f4+ 43. gxf4 gxf4+ 44. Kxf4 Rxf2+ 45. Kg4 Rb2 46. Kh5
Kd4 47. Rc6 Rxb3 48. Rxh6 Rb4 49. Rd6+ Kc5 50. Rd8 Rxa4 51. Kg5 Ra1 52. h4 Rg1+
53. Kf5 Rh1 54. Kg5 Rg1+ 55. Kf4 Rh1 56. Kg4 Rg1+ 57. Kf4 Rh1 1/2-1/2

[Event "Russian Championship B17 1st league 2016"]
[Site "Loo"]
[Date "2016.04.22"]
[Round "3.29"]
[White "Navrodskiy, Boris"]
[Black "Revutskiy, Svyatoslav"]
[Result "1-0"]
[WhiteElo "2091"]
[BlackElo "1734"]
[PlyCount "97"]
[EventDate "2016.04.20"]

1. d4 Nf6 2. c4 e6 3. Nf3 Bb4+ 4. Bd2 Bxd2+ 5. Qxd2 d5 6. Nc3 O-O 7. e3 Re8 8.
Rc1 c6 9. Bd3 Nbd7 10. cxd5 exd5 11. O-O Ne4 12. Qc2 Ndf6 13. Ne5 h6 14. Na4
Nd7 15. Nf3 Qe7 16. a3 Ng5 17. Nd2 Nf6 18. Nc5 Nfe4 19. b4 Nxd2 20. Qxd2 h5 21.
b5 h4 22. f4 b6 23. Na4 Qxe3+ 24. Qxe3 Rxe3 25. Nb2 Ne6 26. Kf2 Rxd3 27. Nxd3
Nxd4 28. bxc6 Ba6 29. Rfd1 Bb5 30. c7 Rc8 31. Nb4 Ne6 32. Nxd5 Kh7 33. f5 Nc5
34. Rd4 g5 35. Nf6+ Kg7 36. Ne4 Rxc7 37. Nxc5 bxc5 38. Rd5 a6 39. Rcxc5 Re7 40.
f6+ Kxf6 41. Rf5+ Kg7 42. Rxg5+ Kf8 43. Rc8+ Be8 44. Ra8 Re6 45. Ra5 Ke7 46.
R8xa6 Bc6 47. Rc5 Bd7 48. Rxe6+ Bxe6 49. Rb5 1-0

[Event "Russian Championship B17 1st league 2016"]
[Site "Loo"]
[Date "2016.04.22"]
[Round "3.30"]
[White "Tsurtsumiya, Ruslan"]
[Black "Chudinov, Igor"]
[Result "0-1"]
[WhiteElo "1549"]
[BlackElo "1936"]
[PlyCount "102"]
[EventDate "2016.04.20"]

1. e4 d6 2. d4 Nf6 3. Bd3 e5 4. d5 Be7 5. Nf3 O-O 6. h3 c6 7. c4 Na6 8. Nc3 Bd7
9. O-O Qc7 10. Be3 Ne8 11. Ne2 g6 12. Bh6 Ng7 13. Bxg7 Kxg7 14. Ng3 Nc5 15. Bc2
Rac8 16. Rc1 Qb6 17. b3 cxd5 18. cxd5 Rc7 19. Kh1 Bb5 20. Rg1 Rfc8 21. Qd2 Qa6
22. Rgd1 Nd3 23. Bxd3 Rxc1 24. Rxc1 Rxc1+ 25. Qxc1 Bxd3 26. Qc7 Bf6 27. a4 b5
28. Qc6 Qxc6 29. dxc6 bxa4 30. c7 Ba6 31. bxa4 Kf8 32. Nd2 Ke8 33. Nc4 Kd7 34.
Ne3 Bh4 35. Kh2 Bb7 36. a5 Bxg3+ 37. Kxg3 Bxe4 38. Ng4 Kxc7 39. Nf6 Bc6 40.
Nxh7 Kb7 41. Kh2 Ka6 42. g4 Kxa5 43. h4 Bd7 44. Nf6 Be6 45. h5 gxh5 46. gxh5
Bf5 47. h6 Kb4 48. h7 Bxh7 49. Nxh7 a5 50. Nf6 a4 51. Ng4 a3 0-1

[Event "Russian Championship B17 1st league 2016"]
[Site "Loo"]
[Date "2016.04.22"]
[Round "3.31"]
[White "Getman, Dmitriy"]
[Black "Prorochenko, Nikita"]
[Result "1-0"]
[WhiteElo "1716"]
[BlackElo "1682"]
[PlyCount "107"]
[EventDate "2016.04.20"]

1. d4 Nf6 2. Nf3 e6 3. e3 b6 4. Bd3 Bb7 5. c4 Be7 6. Nc3 c5 7. O-O O-O 8. b3
cxd4 9. Nxd4 d5 10. Bb2 Nbd7 11. cxd5 Nxd5 12. Nxd5 Bxd5 13. Bb5 Bc5 14. Bc6
Bxc6 15. Nxc6 Qc7 16. Nd4 Nf6 17. Re1 Qb7 18. Qf3 Qxf3 19. Nxf3 Rfd8 20. Red1
Nd5 21. Nd4 Rac8 22. g3 a6 23. a3 a5 24. Kg2 h6 25. Kf3 Kf8 26. Nb5 Ne7 27.
Rxd8+ Rxd8 28. Ke2 Nc6 29. Nc3 Nb8 30. Na4 Na6 31. Rd1 Rxd1 32. Kxd1 b5 33.
Nxc5 Nxc5 34. Kc2 g6 35. a4 b4 36. Bd4 Nb7 37. Kd3 Ke7 38. Kc4 Kd6 39. Kb5 Kd5
40. f3 e5 41. Bb2 f6 42. Kb6 Nc5 43. Kxa5 Nxb3+ 44. Kxb4 Nc5 45. Kb5 Nxa4 46.
Kxa4 Kc4 47. f4 exf4 48. exf4 f5 49. Bg7 h5 50. h4 Kd3 51. Kb5 Ke4 52. Kc5 Kf3
53. Bh6 Kxg3 54. Bg5 1-0

[Event "Russian Championship B17 1st league 2016"]
[Site "Loo"]
[Date "2016.04.22"]
[Round "3.32"]
[White "Miziuk, Anton"]
[Black "Sokolov, Ilia"]
[Result "0-1"]
[WhiteElo "1528"]
[BlackElo "1764"]
[PlyCount "68"]
[EventDate "2016.04.20"]

1. e4 e6 2. d4 d5 3. e5 c5 4. c3 Qb6 5. Nf3 Nc6 6. Be2 Nh6 7. Na3 cxd4 8. cxd4
Bb4+ 9. Kf1 Nf5 10. Nc2 Be7 11. a3 a5 12. g4 Nh4 13. Rb1 Nxf3 14. Bxf3 a4 15.
h4 Na5 16. Bf4 Bd7 17. Kg2 Bb5 18. h5 Kd7 19. Be2 Bxe2 20. Qxe2 Qa6 21. Qxa6
bxa6 22. Bd2 Nb3 23. Bc3 Rhc8 24. f4 Nd2 25. Rbd1 Ne4 26. Rd3 Rab8 27. Rc1 Nxc3
28. bxc3 Rb3 29. Ne3 Bxa3 30. Rc2 Bb2 31. Nd1 a3 32. Kf3 a2 33. Rxb2 Rxb2 34.
Nxb2 a1=Q 0-1

[Event "Russian Championship B17 1st league 2016"]
[Site "Loo"]
[Date "2016.04.22"]
[Round "3.33"]
[White "Sambyla, Subuday"]
[Black "Shelushpanov, Nikolai"]
[Result "0-1"]
[WhiteElo "1722"]
[BlackElo "1536"]
[PlyCount "52"]
[EventDate "2016.04.20"]

1. d4 d5 2. c4 c5 3. e3 e6 4. Nf3 Nc6 5. dxc5 Bxc5 6. cxd5 exd5 7. Bb5 Nf6 8.
O-O O-O 9. b3 a6 10. Bxc6 bxc6 11. Qc2 Qd6 12. Bb2 Ne4 13. Nbd2 Nxd2 14. Nxd2
Bb6 15. Rac1 Bd7 16. Rfd1 Bg4 17. Nf3 Rac8 18. Qc3 f6 19. Qc4 Bxf3 20. gxf3
Qxh2+ 21. Kxh2 dxc4 22. Rxc4 Rfd8 23. Rxd8+ Bxd8 24. Rd4 Bb6 25. Rb4 Rb8 26.
Bd4 Bc7+ 0-1

[Event "Russian Championship B17 1st league 2016"]
[Site "Loo"]
[Date "2016.04.22"]
[Round "3.34"]
[White "Murtazin, Rifat"]
[Black "Kavyev, Emil"]
[Result "1-0"]
[WhiteElo "1555"]
[BlackElo "1699"]
[PlyCount "69"]
[EventDate "2016.04.20"]

1. e4 e5 2. Nf3 Nc6 3. d4 exd4 4. Nxd4 Nf6 5. Nc3 Bb4 6. Nxc6 bxc6 7. Bd3 O-O
8. O-O Re8 9. Re1 h6 10. Bd2 d5 11. exd5 cxd5 12. h3 Be6 13. a3 Bd6 14. Nb5 Bc5
15. Bf4 Bb6 16. Nc3 c5 17. Bb5 Rf8 18. Bc6 Rc8 19. Bb7 Rb8 20. Bxb8 Qxb8 21.
Ba6 c4 22. a4 Bc5 23. a5 Qxb2 24. Na4 Qb4 25. Nxc5 Qxc5 26. Bb7 Ne4 27. Qe2 a6
28. Bxa6 Qc6 29. Bxc4 Nc3 30. Qd3 Qxc4 31. Qxc4 dxc4 32. a6 Ra8 33. a7 Nb5 34.
Reb1 Nd6 35. Rb8+ 1-0

[Event "Russian Championship B17 1st league 2016"]
[Site "Loo"]
[Date "2016.04.22"]
[Round "3.35"]
[White "Kostin, Ilya"]
[Black "Novikov, Dmitry"]
[Result "1-0"]
[WhiteElo "1697"]
[BlackElo "1493"]
[PlyCount "85"]
[EventDate "2016.04.20"]

1. e4 e5 2. Nf3 Nc6 3. d4 exd4 4. Nxd4 Nxd4 5. Qxd4 d6 6. Nc3 Nf6 7. Bf4 Be6 8.
O-O-O Be7 9. e5 dxe5 10. Qxe5 Bd6 11. Bb5+ Kf8 12. Qe3 Qe7 13. Bxd6 cxd6 14. f3
a6 15. Be2 Rd8 16. g4 h6 17. h4 Re8 18. g5 Ng8 19. f4 Qd7 20. Qd4 Rd8 21. Ne4
d5 22. Nc5 Qc6 23. Nxe6+ Qxe6 24. Bf3 Ne7 25. Rhe1 Qc8 26. Qb4 Qc7 27. Re5 a5
28. Qa3 Rc8 29. Rd2 d4 30. Rde2 Re8 31. Qxa5 Qxa5 32. Rxa5 Ng6 33. Rxe8+ Kxe8
34. Ra8+ Ke7 35. Rxh8 Nxh8 36. Be4 b6 37. Kd2 hxg5 38. hxg5 g6 39. Kd3 f5 40.
gxf6+ Kxf6 41. Kxd4 Nf7 42. a4 Nd8 43. Bd5 1-0

[Event "Russian Championship B17 1st league 2016"]
[Site "Loo"]
[Date "2016.04.22"]
[Round "3.36"]
[White "Vasiliev, Semen B"]
[Black "Loskutov, Efrem"]
[Result "0-1"]
[WhiteElo "1434"]
[BlackElo "1673"]
[PlyCount "118"]
[EventDate "2016.04.20"]

1. Nf3 d5 2. d4 e6 3. Bf4 Nf6 4. e3 c6 5. c4 Nbd7 6. Nc3 Be7 7. a3 O-O 8. Bd3
dxc4 9. Bxc4 b5 10. Bd3 Bb7 11. Qc2 a6 12. Ne5 h6 13. Rg1 c5 14. Nxd7 Qxd7 15.
dxc5 Bxc5 16. Rd1 Qc6 17. g4 Rfc8 18. g5 hxg5 19. Bxg5 Ne8 20. Be4 Qb6 21. Rg3
f5 22. Bxb7 Qxb7 23. Qb3 Qc6 24. Ke2 Kf7 25. Rgg1 Ra7 26. Rc1 Rd7 27. h4 Nd6
28. Rcd1 Nc4 29. a4 Rb7 30. axb5 axb5 31. Bf4 Be7 32. Bg3 Nxb2 33. Qxb2 Qxc3
34. Qxc3 Rxc3 35. Rd3 Rc4 36. Rd4 Rxd4 37. exd4 b4 38. Rb1 b3 39. Kd3 Bf6 40.
Kc3 Kg6 41. f3 Kh5 42. Bf2 b2 43. Rxb2 Rxb2 44. Kxb2 Bxh4 45. Be3 Bg5 46. Bf2
Kg6 47. Kc2 Kf7 48. Kd3 Ke7 49. Kc4 Kd6 50. Bg3+ f4 51. Bf2 Bd8 52. Kd3 Kd5 53.
Bg1 Bb6 54. Bh2 g5 55. Kc3 Bxd4+ 56. Kd3 Be3 57. Ke2 Kd4 58. Kf1 Kd3 59. Kg2
Ke2 0-1

[Event "Russian Championship B17 1st league 2016"]
[Site "Loo"]
[Date "2016.04.22"]
[Round "3.37"]
[White "Shevelev, Alexandr"]
[Black "Kulikov, Egor"]
[Result "1-0"]
[WhiteElo "1668"]
[BlackElo "1489"]
[PlyCount "117"]
[EventDate "2016.04.20"]

1. d4 d5 2. c4 e6 3. Nc3 Nf6 4. cxd5 exd5 5. Bg5 Be7 6. e3 h6 7. Bh4 Nbd7 8.
Bd3 Nb6 9. Nf3 Bg4 10. O-O Ne4 11. Bxe7 Qxe7 12. Be2 Nxc3 13. bxc3 Qa3 14. Qb3
Qxb3 15. axb3 Nd7 16. Rfe1 Nf6 17. Ne5 Bf5 18. Bd3 Bxd3 19. Nxd3 Ne4 20. c4 Nd2
21. cxd5 Nxb3 22. Rab1 Na5 23. Rec1 O-O-O 24. e4 Rhe8 25. Rb5 b6 26. e5 Kb7 27.
Nc5+ Kc8 28. Na6 Rd7 29. d6 c6 30. Rxa5 bxa5 31. Rb1 Rb7 32. d7+ Kxd7 33. Rxb7+
Kd8 34. Rxa7 f6 35. Nb8 Re6 36. Rxa5 Kc7 37. Na6+ Kb6 38. Ra1 fxe5 39. dxe5
Rxe5 40. Nb4 c5 41. Nc2 Kb5 42. Ne3 c4 43. Rc1 Rc5 44. g3 Kb4 45. Kg2 c3 46.
Nd1 Kb3 47. Kf3 c2 48. Ne3 Rh5 49. h4 Rc5 50. Rxc2 Rxc2 51. Nxc2 Kxc2 52. Ke2
Kc3 53. Ke3 h5 54. f3 g6 55. Kf4 Kd3 56. Kg5 Ke3 57. Kxg6 Kxf3 58. Kxh5 Kxg3
59. Kg5 1-0

[Event "Russian Championship B17 1st league 2016"]
[Site "Loo"]
[Date "2016.04.22"]
[Round "3.38"]
[White "Kiyashko, Andrey"]
[Black "Pavlovskiy, Vladislav"]
[Result "1-0"]
[WhiteElo "1653"]
[BlackElo "1240"]
[PlyCount "127"]
[EventDate "2016.04.20"]

1. e4 e6 2. d4 b6 3. b3 Bb7 4. Nd2 d5 5. Bd3 Nf6 6. e5 Nfd7 7. Bb2 c5 8. c3 Nc6
9. Ne2 Be7 10. f4 g6 11. Nf3 Rc8 12. g3 cxd4 13. cxd4 Bb4+ 14. Kf2 Be7 15. Kg2
Nb4 16. Bb1 Ba6 17. Ba3 Nb8 18. Bxb4 Bxb4 19. Bd3 Rc7 20. Bxa6 Nxa6 21. Qd3 Qc8
22. Qb5+ Kf8 23. Rhc1 Rxc1 24. Rxc1 Qb7 25. a3 Be7 26. b4 Kg7 27. Qc6 Qxc6 28.
Rxc6 Rd8 29. g4 Rd7 30. Ng3 Rc7 31. Rxc7 Nxc7 32. f5 Kg8 33. f6 Bf8 34. Ne2 Nb5
35. a4 Na3 36. b5 Nc4 37. Kf2 Nb2 38. Nc3 Bb4 39. Na2 Ba5 40. Ke2 Nxa4 41. Kd3
Nb2+ 42. Kc2 Nc4 43. g5 Na3+ 44. Kb3 Nxb5 45. Nb4 Bxb4 46. Kxb4 a6 47. Ka4 Kf8
48. Kb3 Ke8 49. Kc2 Kd7 50. Kd3 a5 51. Kc2 Kc6 52. Kb3 Nc7 53. Nh4 b5 54. h3
Kb6 55. Nxg6 a4+ 56. Kb2 a3+ 57. Kxa3 b4+ 58. Kb2 Kc6 59. Nf8 Na6 60. Nxh7 Nb8
61. g6 Nd7 62. g7 Kb5 63. g8=Q Nb6 64. Kb3 1-0

[Event "Russian Championship B17 2016"]
[Site "Loo"]
[Date "2016.04.22"]
[Round "3.1"]
[White "Grigorjev, Iljya"]
[Black "Lobanov, Sergei"]
[Result "1/2-1/2"]
[WhiteElo "2297"]
[BlackElo "2457"]
[PlyCount "52"]
[EventDate "2016.04.20"]

1. e4 c5 2. Nf3 d6 3. d4 cxd4 4. Nxd4 Nf6 5. Nc3 Nc6 6. Bg5 e6 7. Qd2 a6 8.
O-O-O Bd7 9. f4 b5 10. Bxf6 gxf6 11. Kb1 Qb6 12. Nxc6 Bxc6 13. Qe1 O-O-O 14.
Bd3 b4 15. Ne2 d5 16. Ng3 Bc5 17. f5 a5 18. Qe2 Kb8 19. exd5 Bxd5 20. Be4 Bd4
21. Qf3 Bc4 22. Nh5 e5 23. Bd3 Bd5 24. Be4 Bc4 25. Bd3 Bd5 26. Be4 Bc4 1/2-1/2

[Event "Russian Championship B17 2016"]
[Site "Loo"]
[Date "2016.04.22"]
[Round "3.2"]
[White "Fakhrutdinov, Timur"]
[Black "Sorokin, Aleksey"]
[Result "1/2-1/2"]
[WhiteElo "2290"]
[BlackElo "2385"]
[PlyCount "80"]
[EventDate "2016.04.20"]

1. e4 c5 2. Nf3 d6 3. d4 cxd4 4. Nxd4 Nf6 5. Nc3 a6 6. Be2 e5 7. Nb3 Be7 8. O-O
O-O 9. Kh1 b5 10. f4 Bb7 11. Nd5 Nbd7 12. Bf3 Bxd5 13. fxe5 dxe5 14. exd5 e4
15. d6 exf3 16. gxf3 Re8 17. dxe7 Qxe7 18. Bf4 Nf8 19. Qd2 Rad8 20. Qf2 Nd5 21.
Bd2 Qf6 22. Nd4 Ne6 23. Nxe6 Rxe6 24. c3 Rde8 25. Rae1 Rxe1 26. Rxe1 Rxe1+ 27.
Bxe1 Qf5 28. Qe2 h5 29. Qe4 Qh3 30. Kg1 Nf6 31. Qd3 Qe6 32. Bh4 Qxa2 33. Qd8+
Kh7 34. Bxf6 Qb1+ 35. Kf2 Qxb2+ 36. Kg3 gxf6 37. Qxf6 Qb3 38. Qf5+ Kg8 39. Qg5+
Kf8 40. Qd8+ Kg7 1/2-1/2